000 00562nam a2200181Ia 4500
008 100921s9999 xx 000 0 und d
082 _b10257
_a891.461 थ 73
100 _aसावंत वसंत.
245 _aस्वस्तिक.
260 _bपॉप्युलर प्रकाशन, मुंबई.
_c1973
300 _a80
_b---
365 _b5
520 _aललित-काव्य.
630 _aस्वस्तिक.
650 _aललित-काव्य.
730 _aस्वस्तिक.
942 _cBOOK
999 _c759370
_d759367